| 000 | 00439nam a22001697a 4500 | ||
|---|---|---|---|
| 003 | IN-BaIIA | ||
| 005 | 20220411145354.0 | ||
| 008 | 220411b ||||| |||| 00| 0 eng d | ||
| 022 | _a0029-7704 | ||
| 040 | _cIIA Library | ||
| 245 |
_aThe observatory _h[Print-Journal] |
||
| 260 |
_aLondon _bThe Editors of "The Observatory" |
||
| 310 | _a6/Year | ||
| 362 | _a2005-Current | ||
| 521 | _aSubscribed through IIA Library | ||
| 942 |
_cBV _s1 |
||
| 999 |
_c35915 _d35915 |
||